| 000 | 00392nam a2200157Ia 4500 | ||
|---|---|---|---|
| 008 | 230711s9999||||xx |||||||||||||| ||und|| | ||
| 020 | _a978-93-272-4389-5 | ||
| 041 | _aENG | ||
| 082 |
_a6.6 _bSI-C |
||
| 100 | _aCharanjit Singh | ||
| 245 | 0 | _aComputer graphics | |
| 250 | _a1st . Ed. | ||
| 260 |
_c2014 _aNew Delhi _bKalyani Publishers House |
||
| 650 | _aComputer Engineering | ||
| 942 | _cBK | ||
| 999 |
_c6026 _d6026 |
||